|
|
|
|
| LEADER |
00909nam a2200265 4500 |
| 001 |
c000104924 |
| 003 |
CARM |
| 005 |
00000000000000.0 |
| 008 |
710914s1971 enk 00011 eng |
| 010 |
|
|
|a 73028229 //r943
|
| 015 |
|
|
|a B71-11895
|
| 019 |
1 |
|
|a 517062
|z 44955050
|5 LACONCORD2021
|
| 020 |
|
|
|a 0413438902
|
| 035 |
|
|
|a (OCoLC)162058
|5 LACONCORD2021
|
| 050 |
0 |
0 |
|a PZ4.B522
|b No
|a PR6052.E63
|
| 082 |
0 |
0 |
|a 823/.9/14
|
| 100 |
1 |
|
|a Bermant, Chaim,
|d 1929-
|
| 245 |
1 |
0 |
|a Now dowager
|c [by] Chaim Bermant.
|
| 260 |
|
|
|a London,
|b Eyre and Spottiswoode,
|c 1971.
|
| 300 |
|
|
|a 187 p.
|c 21 cm.
|
| 650 |
|
0 |
|a Jewish women
|x Fiction.
|
| 650 |
|
0 |
|a Jews
|z Great Britain
|x Fiction.
|
| 852 |
8 |
|
|b CARM
|h A2:AD31A0
|i B03152
|p 0152749
|f BK
|
| 999 |
f |
f |
|i 0f135724-60c5-5a07-83b3-8b223d495224
|s 62bfed15-1d4a-50c6-93ec-08eeb694537c
|
| 952 |
f |
f |
|p Can circulate
|a CAVAL
|b CAVAL
|c CAVAL
|d CARM 1 Store
|e B03152
|f A2:AD31A0
|h Other scheme
|i book
|m 0152749
|